| 000 | 01063nam0a22003131 4500 | ||
|---|---|---|---|
| 001 | v19\rc\1979516 | ||
| 005 | 20251118181154.6 | ||
| 035 | _a(NLR Aleph) 005062841 | ||
| 090 |
_a7014260 _c7014260 |
||
| 100 | _a20080623d1914 u y0rusy50 ca | ||
| 101 | 1 |
_arus _cund |
|
| 102 | _aRU | ||
| 105 | _ay z |||a| | ||
| 200 | 1 |
_aЦарство юбок _eИст. роман бар. Орчи |
|
| 210 |
_aПетроград _cА.А. Каспари _d[1914] |
||
| 215 |
_a184 с. _d22 |
||
| 225 | 1 |
_aИсторическая библиотека _v1914 г. Кн. 8-10 |
|
| 311 | _aПрил. к журн. "Родина" за 1914 г. | ||
| 316 |
_aЭкз. РНБ (87-5/2527): деф.: отсутствует обл. _5NLR: 87-5/2527 |
||
| 422 | 0 |
_12001#$aРодина$v1914 _tРодина |
|
| 700 | 1 |
_aОрчи _bЭ. _f1865-1947 _gЭммуска |
|
| 801 | 0 |
_aRU _bNLR _gpsbo |
|
| 801 | 0 |
_aRU _bRuMoRGB _2psbo |
|
| 801 | 1 |
_aRU _bProSoft-M _2rusmarc |
|
| 852 |
_aNLR _j87-5/2527 |
||
| 899 |
_aRuMoRGB _jV 273/349 (кн. 9-10) |
||
| 899 | _aБАН | ||
| 942 | _cBOOK | ||
| 980 | _aNB | ||